000
00339 a2200157 4500
001
168957
020
_a
040
_c
Magnum
100
_a
Kramer, Sonia
240
1
0
_a
Alfabetizacao: leitura e escrita
_l
por
245
1
0
_a
Alfabetizacao: leitura e escrita
362
0
_a
1899
440
1
_a
Ática
697
_a
PEDAGOGIA
942
_c
BK
999
_c
168957
_d
168957